000 00644nam a2200241Ia 4500
003 OSt
005 20220918174833.0
006 a|||||r|||| 00| 0
007 ta
008 220917b |||||||| |||| 00| 0 eng d
024 _a14,358
037 _cTextual
040 _aARTS
_cARTS
_beng
041 _2eng
_aeng
082 _aNQ8,N15, N2
100 _aBroinowski Alison
_951934
245 0 _aYellow lady
_b Australian ompressions of Asia
260 _aOxford
_bOxford Univ Press
_c1992
300 _axii, 260p.
_ccm.
650 _aARTS
942 _hNQ8,N15, N2
_cTEXL
_2CC
999 _c154906
_d154906